000 00712nam a2200229Ia 4500
001 17193
003 GE_BSU
008 181216s||||||||xx |||||||||||||| ||und||
040 _cGE_BSU
080 _a82-93:821.161.1-3
100 _aსიომუშკინი, ტ.
245 _aჩუკოტკა
245 _bმოთხრობა
245 _cთარგმნ. ე. რაზიკაშვილმა ; ილ.: თ. მაცაბერიძე
260 _aთბილისი
260 _bსაბლიტგამი
260 _c1959
300 _a428გვ. : ილ. ; 23სმ.
653 _aმოთხრობა
653 _aჩუკოტკა
942 _cBK
999 _c50255
_d50255